SUNNY BUNNIES

Bibliographic Details
Format: Video
Published: Kuala Lumpur : [?] [?]
Subjects:

MARC

LEADER 00000cam a2200000 7i4500
001 0000148963
005 20231002.0
008 230621s20?? cau v k eng
040 |a PERPUSTAM   |b eng   |c PERPUSTAM   |e rda 
090 0 0 |a 791.4572   |b SUN 
245 0 0 |a SUNNY BUNNIES 
264 1 |a Kuala Lumpur :   |b [?]   |c [?] 
300 |a 1 DVD videos (66min.) :   |b sound, colour ;   |c 12 cm. 
336 |a two-dimensional moving image  |2 rdacontent 
337 |a video  |2 rdamedia 
338 |a videodisc  |2 rdacarrier 
650 1 0 |a Children's television programs 
999 |a 0000764338   |b Digital Video Disc (DVD)   |c Koleksi Media   |e Perbadanan Perpustakaan Awam Melaka